Normal view
MARC view
Entry Personal Name
001 - CONTROL NUMBER
- control field: 69163
003 - CONTROL NUMBER IDENTIFIER
- control field: dpl
005 - DATE AND TIME OF LATEST TRANSACTION
- control field: 20240801122322.0
008 - FIXED-LENGTH DATA ELEMENTS
- fixed length control field: 240801|| aca||aabn | a|a d
040 ## - CATALOGING SOURCE
- Original cataloging agency: dpl
- Transcribing agency: dpl
100 ## - HEADING--PERSONAL NAME
- Personal name: मेवाडी, क़मर
670 ## - SOURCE DATA FOUND
- Source citation: Work cat.: (dpl)204679: सम्बोधन के साक्षात्कार/ , 2022
